| 000 -LEADER |
| fixed length control field |
00905cam a22002418i 4500 |
| 001 - CONTROL NUMBER |
| control field |
21341589 |
| 005 - DATE AND TIME OF LATEST TRANSACTION |
| control field |
20230425113837.0 |
| 008 - FIXED-LENGTH DATA ELEMENTS--GENERAL INFORMATION |
| fixed length control field |
191219s2020 nju b 001 0 eng |
| 020 ## - INTERNATIONAL STANDARD BOOK NUMBER |
| International Standard Book Number |
9780470972434x |
| Qualifying information |
|
| 041 ## - LANGUAGE CODE |
| Language code of text/sound track or separate title |
eng |
| 080 ## - UNIVERSAL DECIMAL CLASSIFICATION NUMBER |
| Universal Decimal Classification number |
616.89 R-26 |
| 100 1# - MAIN ENTRY--PERSONAL NAME |
| Personal name |
Ryle, Anthony |
| Relator term |
|
| 9 (RLIN) |
17772 |
| 245 10 - TITLE STATEMENT |
| Title |
Introducing cognitive analytic therapy : |
| Remainder of title |
principles and practice of a relational approach to mental health / |
| Statement of responsibility, etc. |
Anthony Ryle and Ian B. Kerr. |
| 250 ## - EDITION STATEMENT |
| Edition statement |
Second edition. |
| 264 #1 - PRODUCTION, PUBLICATION, DISTRIBUTION, MANUFACTURE, AND COPYRIGHT NOTICE |
| Place of production, publication, distribution, manufacture |
Hoboken : |
| Name of producer, publisher, distributor, manufacturer |
Wiley, |
| Date of production, publication, distribution, manufacture, or copyright notice |
2020. |
| 300 ## - PHYSICAL DESCRIPTION |
| Extent |
358 p.; |
| Other physical details |
25 cm. |
| 653 ## - INDEX TERM--UNCONTROLLED |
| keyword |
კოგნიტური თერაპია |
| 653 ## - INDEX TERM--UNCONTROLLED |
| keyword |
ფსიქოლოგია |
| 653 ## - INDEX TERM--UNCONTROLLED |
| keyword |
მედიცინა |
| 700 1# - ADDED ENTRY--PERSONAL NAME |
| Personal name |
Kerr, Ian B. |
| Relator term |
|
| 9 (RLIN) |
17773 |
| 776 08 - ADDITIONAL PHYSICAL FORM ENTRY |
| Relationship information |
Online version: |
| Title |
Introducing cognitive analytic therapy |
| Edition |
Second edition. |
| Place, publisher, and date of publication |
Hoboken : Wiley, 2020. |
| International Standard Book Number |
9781119695165 |
| Record control number |
(DLC) 2019058761 |
| 942 ## - ADDED ENTRY ELEMENTS (KOHA) |
| Source of classification or shelving scheme |
|
| Koha item type |
წიგნი |